00620 2200241 4500001002100000005001700021008004100038020001800079035002400097082001000121090001700131100002100148245004500169260003100214300002500245500002600270650002400296850001300320980001400333985000600347986001000353999001500363YOGYA-0209000002061220090227023438.0 ind  a979-413-623-9 0010-020900000020612 a636.6 a636.6bRas M aRASYAF, Muhammad aMemulihkan burung puyuhcMuhammad Rasyaf aYogyakartabKanisiusc1983 a103 hlmbilusc21 cm aBibliografi : hlm.102 aTernak burung puyuh aYOPDYOGB a7-07-2006 a1 aPKN-D a98P0104313